| 000 | 00442nam a2200181Ia 4500 | ||
|---|---|---|---|
| 003 | GCL | ||
| 008 | 140319s9999 xx 000 0 eng d | ||
| 040 |
_aGCL / _cGCL |
||
| 082 | 0 | 4 |
_a759 _bT M |
| 100 | 1 | _aTAILLANDIER, YVAN | |
| 245 | 1 | 0 |
_aMONET / _cTAILLANDIER, YVAN |
| 260 |
_a[S.N] : _bFLAMMARION ، _c1977 |
||
| 300 | _a96 PP | ||
| 650 | 0 | 4 | _aMONET, CLAUDE |
| 650 | 0 | 4 | _aPAINTING |
| 650 | 0 | 4 | _aPAINTERS AND PAINTINGS |
| 942 |
_2ddc _cBK |
||
| 999 |
_c16989 _d16989 |
||